000 00571nam a2200193Ia 4500
005 20250923145125.0
008 008 250917s9999 xx 000 0 eng d
037 _aTextual
040 _aDSWL
_beng
_cDSWL
041 _aeng
_2eng
084 _aYX;5-26.3, N68
_qDSWL
100 _aDavies, Bleddyn
_9831994
245 0 _aSocial needs and resources in local service
_cby Bleddyn Davies
260 _aLondon
_bMichael Joseph Ltd.
_c1968
365 _aINR
_b84
925 _g84
942 _cTEXL
_hYX;5-26.3, N68
999 _c1447432
_d1447432